Statistics for Non 'S' Teams Names Quiz

Click here to take the quiz!

General Stats

  • This quiz has been taken 17,285 times
  • The average score is 8 of 22

Answer Stats

Team % Correct
Miami Heat
78%
Utah Jazz
66%
Boston Red Sox
65%
Chicago White Sox
64%
Oklahoma City Thunder
62%
Orlando Magic
57%
Minnesota Wild
43%
Tampa Bay Lightning
40%
Colorado Avalanche
40%
Notre Dame Fighting Irish
38%
Alabama Crimson Tide
37%
Stanford Cardinal
33%
Navy Midshipmen
28%
Syracuse Orange
25%
Illinois Fighting Illini
18%
Tulane Green Wave
18%
Nevada Wolf Pack
14%
NC State Wolfpack
14%
Marshall Thundering Herd
14%
North Texas Mean Green
12%
Tulsa Golden Hurricane
9%
Massachusetts Minutemen
9%

Score Distribution

Percentile by Number Answered

Percent of People with Each Score

Your Score History

You have not taken this quiz